| 000 | 00447nam a2200181Ia 4500 | ||
|---|---|---|---|
| 003 | GCL | ||
| 008 | 140319s9999 xx 000 0 eng d | ||
| 040 |
_aGCL / _cGCL |
||
| 082 | 0 | 4 |
_a709.032 _bM B |
| 100 | 1 | _aMARINA, MORALES | |
| 245 | 1 | 0 |
_aBAROQUE ET CLASSICISME / _cMARINA, MORALES |
| 260 |
_a[S.N] : _bLAROUSSE ، _c1992 |
||
| 300 | _a441 PP | ||
| 650 | 0 | 4 | _aARTS |
| 650 | 0 | 4 | _aHISTORY AND CRITICISM |
| 650 | 0 | 4 | _aBAROQUE |
| 942 |
_2ddc _cBK |
||
| 999 |
_c19059 _d19059 |
||